[Event "Chigorin Memorial 26th"]
[Site "St Petersburg"]
[Date "2018.10.31"]
[Round "5"]
[White "Romanov, Ivan I"]
[Black "Belyy, Valeriy"]
[Result "1-0"]
[WhiteElo "1385"]
[BlackElo "1000"]
[PlyCount "109"]
[EventDate "2018.10.27"]
[EventType "swiss"]
[EventRounds "9"]
[EventCountry "RUS"]
[SourceTitle "CBM 187 Extra"]
[Source "ChessBase"]
[SourceDate "2018.11.04"]
[SourceVersion "1"]
[SourceVersionDate "2018.11.04"]
[SourceQuality "1"]

1. d4 e6 2. c4 d6 3. g3 Nc6 4. Bg2 Bd7 5. Nf3 Nf6 6. Nc3 Be7 7. 0-0 0-0 8. a3 a5 9. d5 exd5 10. cxd5 Nb8 11. e4 Ng4 12. h4 Nh6 13. Be3 c5 14. Qd2 f5 15. Bxh6 gxh6 16. Qxh6 Rf6 17. Qd2 Bf8 18. e5 dxe5 19. Nxe5 Qe7 20. Rfe1 Qg7 21. Ne2 Bd6 22. Nc4 a4 23. Nf4 Qh6 24. Nxd6 Rxd6 25. Qe3 Na6 26. Qc3 Rf8 27. Ne6 Bxe6 28. dxe6 Rxe6 29. Bd5 Rfe8 30. Bxe6+ Rxe6 31. Qc4 Kf7 32. Qxa4 Qf6 33. Qd7+ Qe7 34. Qxe7+ Rxe7 35. Rxe7+ Kxe7 36. Rd1 h5 37. Kg2 Kf6 38. Rd7 b5 39. Rd6+ Ke5 40. Rxa6 Kd4 41. f4 b4 42. axb4 cxb4 43. Ra5 b3 44. Rxf5 Kd3 45. Rxh5 Kc2 46. Rb5 Kxb2 47. f5 Kc3 48. f6 b2 49. f7 Kd4 50. f8Q Ke4 51. Qf3+ Kd4 52. Rd5+ Kc4 53. Qd3+ Kb4 54. Rb5+ Ka4 55. Qb3# 1-0